000 00899nam a22002897a 4500
001 14209551
003 OSt
005 20170518101053.0
008 160831b xxu||||| |||| 00| 0 eng d
010 _a 2005577583
020 _a0373766963 (pbk.)
035 _a(OCoLC)ocm62240020
040 _ammu
_cmmu
_dmmu
_dmmu
_beng
042 _alccopycat
050 0 0 _aPS3598 .P535 1998
100 1 _aPickart, Joan Elliott.
245 1 2 _aThe rancher and the amnesiac bride
_cJoan Elliott Pickart.
260 _aNew York :
_bSilhouette Books,
_cc2005.
300 _a251 p. ;
_c17 cm.
490 0 _aSilhouette desire ;
_v1696
650 0 _aMarriage
_vFiction.
655 7 _aLove stories.
_2gsafd
710 2 _aCopyright Paperback Collection (Library of Congress)
_5DLC
906 _a7
_bcbc
_ccopycat
_d2
_encip
_f20
_gy-genrareb
942 _2lcc
_cLOAN LOAN
999 _c18879
_d18879